Sabrina Carpenter... or Tate McRae - Statistics

General Stats
  • This quiz has been taken 1,790 times
  • The average score is 27 of 30
Answer Stats
Hint Answer % Correct
Juno Sabrina Carpenter
97%
Bed Chem Sabrina Carpenter
96%
Taste Sabrina Carpenter
95%
Please Please Please Sabrina Carpenter
95%
Nonsense Sabrina Carpenter
94%
Greedy Tate McRae
94%
Sports Car Tate McRae
94%
It's Ok, I'm Ok Tate McRae
94%
Exes Tate McRae
93%
Revolving Door Tate McRae
93%
Run For The Hills Tate McRae
93%
You Broke Me First Tate McRae
93%
Dumb & Poetic Sabrina Carpenter
92%
Don't Smile Sabrina Carpenter
91%
Miss Possessive Tate McRae
91%
She's All I Wanna Be Tate McRae
91%
15 Minutes Sabrina Carpenter
90%
2 Hands Tate McRae
90%
Lie To Girls Sabrina Carpenter
89%
Cut My Hair Tate McRae
89%
Skinny Dipping Sabrina Carpenter
88%
Skin Sabrina Carpenter
87%
Hurt My Feelings Tate McRae
86%
Grave Tate McRae
86%
Read Your Mind Sabrina Carpenter
85%
Read Your Mind Sabrina Carpenter
85%
No I'm Not In Love Tate McRae
85%
Looking At Me Sabrina Carpenter
83%
What Would You Do? Tate McRae
80%
Bet U Wanna Sabrina Carpenter
78%
No matching quizzes found
Score Distribution
Percent of People with Each Score
Percentile by Number Answered
Your Score History
You have not taken this quiz